| 000 | 00363cam a22001337a 4500 | ||
|---|---|---|---|
| 008 | 180718b1972 xxu||||| |||| 00| 0 eng d | ||
| 082 | _aA72 W644 | ||
| 100 | _aWiles, John | ||
| 245 |
_aGrand Trunk Road: Khyber to Calcutta _cby John Wiles |
||
| 260 |
_aCalcutta _bOxford and IBH _c1972 |
||
| 300 | _a161p. | ||
| 500 | _aRs.69.00 | ||
| 650 | _aDescription and Travel | ||
| 999 |
_c356406 _d356406 |
||